Normal view
MARC view
- القيم الاجتماعية-الاخلاق الاسلامية-التربية الاسلامية-علم الاجتماع الاسلامي
Entry Topical Term
001 - CONTROL NUMBER
- control field: 63804
003 - CONTROL NUMBER IDENTIFIER
- control field: JO-AjAnu
005 - DATE AND TIME OF LATEST TRANSACTION
- control field: 20230606084419.0
008 - FIXED-LENGTH DATA ELEMENTS
- fixed length control field: 230606|| aca||aabn | a|a d
040 ## - CATALOGING SOURCE
- Original cataloging agency: JO-AjAnu
- Transcribing agency: JO-AjAnu
150 ## - HEADING--TOPICAL TERM
- Topical term or geographic name entry element: القيم الاجتماعية-الاخلاق الاسلامية-التربية الاسلامية-علم الاجتماع الاسلامي
670 ## - SOURCE DATA FOUND
- Source citation: Work cat.: (JO-AjAnu)32528: الشرعة، ممدوح منيزل، م.مشارك هاني صلاح ابو جلبان, author 63803, القيم في القرن الحادي والعشرين بين النظرية والتطبيق